000 00362nam a2200157Ia 4500
008 221030s9999 xx 000 0 und d
020 _a8170082056
041 _aEnglish
082 _a105.23
_bCov
100 _aA. Covell
245 0 _aDigital Convergence
260 _bFirewall Media Pub
_aIndia
_c2001
300 _a345
650 _aBE Computer
942 _cBK
999 _c5914
_d5914